Statistics for Aalborg Airport Destinations (Aalborg, Denmark)

Click here to take the quiz!

General Stats

  • This quiz has been taken 20 times
    (7 since last reset)
  • The average score is 9 of 19

Answer Stats

AirlineDestination% Correct
KLMAmsterdam
100%
Scandinavian AirlinesOslo
100%
Braathens International Airways/Pegasus Airlines/SunExpressAntalya
67%
Norwegian Air ShuttleBarcelona
67%
DATBornholm
67%
DAT/Norwegian Air Shuttle/Scandinavian AirlinesCopenhagen
67%
RyanairLondon (Stansted)
67%
Norwegian Air ShuttleMalaga
67%
Norwegian Air Shuttle/Sunclass AirlinesPalma de Mallorca
67%
Atlantic AirwaysVagar
67%
Norwegian Air ShuttleAlicante
33%
RyanairGirona
33%
airBaltic/Braathens International Airways/Sunclass AirlinesGran Canaria
33%
Air GreenlandKangerlussuaq
33%
Norwegian Air ShuttleNice
33%
Norwegian Air Shuttle/Sunclass AirlinesTenerife (South)
33%
Norwegian Air ShuttleFunchal
0%
VoloteaNaples
0%
Scandinavian AirlinesSalen-Trysil
0%

Score Distribution

Percentile by Number Answered

Percent of People with Each Score

Your Score History

You have not taken this quiz since the last reset